Vista normal
Vista MARC
Entrada Personal Name
Número de registros utilizados en: 1
001 - CONTROL NUMBER
- control field: 4035
003 - CONTROL NUMBER IDENTIFIER
- control field: OSt
005 - DATE AND TIME OF LATEST TRANSACTION
- control field: 20200506153918.0
008 - FIXED-LENGTH DATA ELEMENTS
- fixed length control field: 200506|| aca||aabn | a|a d
040 ## - CATALOGING SOURCE
- Original cataloging agency: OSt
- Transcribing agency: OSt
100 ## - HEADING--PERSONAL NAME
- Personal name: Romero Amaya, María Claudia,
670 ## - SOURCE DATA FOUND
- Source citation: Work cat.: (OSt)5266: Marín Aranguren, Erli Margarita, editora 4031, Cuando el sur piensa el sur : , 2013